000 01110cam a2200313 i 4500
999 _c26912
_d26912
001 26912
003 Mx-PuUPA
005 20191112131147.0
008 140415s2018 mx a gr 001 0 spa d
020 _a9786071734815
040 _aMx-PuUPA
_bspa
_cMx-PuUPA
_dMx-PuUPA
_erda
041 0 _aspa
100 1 _aGonzález Carro, Miguel Ángel,
_910226
_eautor
245 1 0 _aZootecnia canina /
_cMiguel Ángel González Carro
250 _aPrimera edición /
_bseptiembre
264 4 _aMéxico, Ciudad de México :
_bEditorial Trillas,
_c©2018
300 _a246 páginas :
_bilustraciones ;
_c23 cm
336 _atexto
_2rdacontent
_btxt
337 _asin medio
_2rdamedia
_bn
338 _avolumen
_2rdacarrier
_bnc
500 _a"Cuidados de la mascota ; ¿Cómo debo alimentar a mi perro? ; Esterilización ; Tipos de cruzamiento". - Cubierta
650 4 _aPerros
_xAnatomía
650 4 _aPerros
_xRazas
650 4 _aPerros
_xFisiología
942 _2ddc
_cLI
_h636.7
_iG635